[Event "BAN-chT (Women)"]
[Site "Dhaka"]
[Date "2021.09.10"]
[Round "3.3"]
[White "Tasmin, Sultana"]
[Black "Nusrat Jahan, Alo"]
[Result "0-1"]
[WhiteElo "1238"]
[BlackElo "1635"]
[PlyCount "46"]
[EventDate "2021.09.08"]
[EventType "team-tourn"]
[EventRounds "9"]
[EventCountry "BAN"]
[SourceTitle "CBM 204 Extra"]
[Source "ChessBase"]
[SourceDate "2021.11.30"]
[SourceVersion "1"]
[SourceVersionDate "2021.11.30"]
[SourceQuality "1"]
[WhiteTeam "Sheikh Russel (W)"]
[BlackTeam "Rupali Bank Krira Parisad (W)"]
[WhiteTeamCountry "BAN"]
[BlackTeamCountry "BAN"]

1. d4 d5 2. Nf3 Nf6 3. g3 g6 4. Bg2 Bg7 5. 0-0 0-0 6. c4 c6 7. a4 Bf5 8. Nbd2 Nbd7 9. Nh4 Be6 10. cxd5 cxd5 11. e4 dxe4 12. Nxe4 Bd5 13. Nc3 Bxg2 14. Kxg2 Nb6 15. a5 Nbd5 16. Nxd5 Nxd5 17. Nf3 Rc8 18. Qb3 Rc7 19. Ne5 e6 20. h4 Qd6 21. Nc4 Qc6 22. Ne5 Ne3+ 23. Kg1 Qg2# 0-1

[Event "Barcelona Sant Marti op-B 16th"]
[Site "Barcelona"]
[Date "2014.07.20"]
[Round "8"]
[White "Domenech Lopez, Laura"]
[Black "Tasmin, Sultana"]
[Result "0-1"]
[WhiteElo "1721"]
[BlackElo "1320"]
[PlyCount "90"]
[EventDate "2014.07.13"]
[EventType "swiss"]
[EventRounds "9"]
[EventCountry "ESP"]
[SourceTitle "CBM 161 Extra"]
[Source "ChessBase"]
[SourceDate "2014.08.29"]
[SourceVersion "1"]
[SourceVersionDate "2014.08.29"]
[SourceQuality "1"]

1. d4 d6 2. c4 g6 3. Nf3 Nf6 4. Nc3 Bg7 5. h3 0-0 6. e3 b6 7. Bd3 Bb7 8. 0-0 Nbd7 9. b3 e5 10. d5 c6 11. e4 cxd5 12. cxd5 Nc5 13. Bc2 Ba6 14. Re1 Qc7 15. Bb2 Qd7 16. a3 b5 17. b4 Nb7 18. Bb3 Rac8 19. a4 Nd8 20. Nxb5 Bxb5 21. axb5 Qxb5 22. Rxa7 Qxb4 23. Ba3 Qb6 24. Ra4 Nb7 25. Nd2 Nc5 26. Nc4 Qd8 27. Bxc5 Rxc5 28. Qc2 Nh5 29. g3 Qd7 30. h4 Rd8 31. Rea1 Qh3 32. Ra8 Rcc8 33. Nb6 Rxc2 34. Rxd8+ Bf8 35. Bxc2 Nxg3 36. fxg3 Qxg3+ 37. Kf1 Qf3+ 38. Ke1 Qc3+ 39. Ke2 Qxa1 40. Nd7 Qa6+ 41. Bd3 Qa2+ 42. Ke3 Qa7+ 43. Kf3 Qa3 44. Rxf8+ Kg7 45. Re8 Qxd3+ 0-1

[Event "Barcelona Sant Marti op-B 16th"]
[Site "Barcelona"]
[Date "2014.07.14"]
[Round "2"]
[White "Tasmin, Sultana"]
[Black "Larios Jimenez, Rafael"]
[Result "0-1"]
[WhiteElo "1320"]
[BlackElo "1791"]
[PlyCount "36"]
[EventDate "2014.07.13"]
[EventType "swiss"]
[EventRounds "9"]
[EventCountry "ESP"]
[SourceTitle "CBM 161 Extra"]
[Source "ChessBase"]
[SourceDate "2014.08.29"]
[SourceVersion "1"]
[SourceVersionDate "2014.08.29"]
[SourceQuality "1"]

1. Nf3 d5 2. g3 Nf6 3. Bg2 Nc6 4. 0-0 e6 5. d4 Bd6 6. b3 0-0 7. Bb2 b6 8. Nbd2 Bb7 9. c4 Re8 10. Re1 e5 11. dxe5 Nxe5 12. cxd5 Bxd5 13. Nxe5 Bxe5 14. Bxd5 Qxd5 15. Bxe5 Rxe5 16. Nf3 Re6 17. Nh4 Rd8 18. Kf1 Qh1# 0-1